Welcome to CU Library Online Public Access Catalogue (OPAC)

AQA Biology Specification A/ (Record no. 2412)

MARC details
000 -LEADER
fixed length control field 00531nam a22001697a 4500
005 - DATE AND TIME OF LATEST TRANSACTION
control field 20241217135808.0
008 - FIXED-LENGTH DATA ELEMENTS--GENERAL INFORMATION
fixed length control field 241217b |||||||| |||| 00| 0 eng d
020 ## - INTERNATIONAL STANDARD BOOK NUMBER
International Standard Book Number 9780340802458
050 ## - LIBRARY OF CONGRESS CALL NUMBER
Classification number QP36
Item number .S28
100 ## - MAIN ENTRY--PERSONAL NAME
Personal name Baker, Margaret
245 ## - TITLE STATEMENT
Title AQA Biology Specification A/
Remainder of title Further Studies in Human Biology
Statement of responsibility, etc. Margaret Baker, Bill Indge & Martin Rowland
260 ## - PUBLICATION, DISTRIBUTION, ETC.
Place of publication, distribution, etc. London
Name of publisher, distributor, etc. Hodder & Stoughton
Date of publication, distribution, etc. 2001
300 ## - PHYSICAL DESCRIPTION
Extent 288p.
Other physical details ill. some color
Dimensions 27.5cm
700 ## - ADDED ENTRY--PERSONAL NAME
Personal name Indge, Bill
700 ## - ADDED ENTRY--PERSONAL NAME
Personal name Rowland, Martin
942 ## - ADDED ENTRY ELEMENTS (KOHA)
Source of classification or shelving scheme Library of Congress Classification
Koha item type Books
Suppress in OPAC No
999 ## -
-- 2412
-- 2412
Holdings
Withdrawn status Lost status Source of classification or shelving scheme Damaged status Not for loan Collection Home library Current library Shelving location Date acquired Total checkouts Full call number Barcode Date last seen Copy number Price effective from Koha item type
    Library of Congress Classification     Non-fiction Science Library (Miotso) Science Library (Miotso) General stacks 12/17/2024   QP36 .S28 BAK SLM00001698 12/17/2024 1 12/17/2024 Books
    Library of Congress Classification     Non-fiction Science Library (Miotso) Science Library (Miotso) General stacks 12/17/2024   QP36 .S28 BAK SLM00001699 12/17/2024 2 12/17/2024 Books
    Library of Congress Classification     Non-fiction Science Library (Miotso) Science Library (Miotso) General stacks 12/17/2024   QP36 .S28 BAK SLM00001700 12/17/2024 3 12/17/2024 Books
    Library of Congress Classification     Non-fiction Science Library (Miotso) Science Library (Miotso) General stacks 12/17/2024   QP36 .S28 BAK SLM00001701 12/17/2024 4 12/17/2024 Books
© 2023-2024 Copyright: Central University Libraries. All Rights Reserved | Created by: Mahone Tech Office